000 01059nam a22003257a 4500
001 BR2010003295
003 BR-BrBNA
005 20230928103257.0
007 ta
008 230509b bl.||||| |||| 00| 0 por d
040 _aBR-BrBNA
_bpor
_cBiblioteca Nacional de Agricultura
041 _a(Por)
072 _aL01; L10
_b5212
090 _ 5212 BR2010003295
100 1 _aLeme, L. de O.
110 1 _aUniversidade de Brasília, DF (Brasil). Faculdade de Agronomia e Medicina Veterinária
_0Dissertação (Mestrado em Ciências Agrárias)
245 1 _aEfeito da fonte protéica durante o cultivo na qualidade e quantidade de embriões bovinos produzidos in vitro
260 3 _aBrasília, DF (Brasil):
_c2008.
300 _a82 p.
500 _aSummaries (Eng, Por); Bibliography p. 75-82
650 _aBOVINO
650 _aEMBRIÃO ANIMAL
650 _aFECUNDAÇÃO ANIMAL
650 _aSEMEN
650 _aCULTURA IN VITRO
650 _aCRIOPRESERVAÇÃO
650 _aPROTEÍNA
909 _a202309
_bLucia
_c55
_dLucia Elande
942 _cBK
999 _c74405
_d74405